000
00215 a2200097 4500
001
18844
100
_a
Smith C
245
_a
Elementary treatise on solid
260
_a
_b
Macmillan & Co
_c
1920
090
_c
13963
_d
13963
942
_a
NUST-CAE
_c
M
_c
4406
999
_c
253917
_d
253917